[Event "SVK-chT 2324"]
[Site "Slovakia"]
[Date "2024.02.25"]
[Round "8.8"]
[White "Stevik, Patrik1"]
[Black "Compel, Daniel"]
[Result "1/2-1/2"]
[WhiteElo "2188"]
[BlackElo "2208"]
[PlyCount "106"]
[EventDate "2023.11.04"]
[EventType "team-tourn"]
[EventRounds "11"]
[EventCountry "SVK"]
[SourceTitle "CB19_2024"]
[SourceDate "2024.05.08"]
[SourceVersion "1"]
[SourceVersionDate "2024.05.08"]
[SourceQuality "1"]
[WhiteTeam "Modra"]
[BlackTeam "Bratislava Slovan"]
[WhiteTeamCountry "SVK"]
[BlackTeamCountry "SVK"]

1. Nf3 Nf6 2. g3 d5 3. Bg2 c5 4. 0-0 Nc6 5. d4 e6 6. c4 dxc4 7. Qa4 Bd7 8. dxc5 Na5 9. Qa3 b6 10. b4 Nc6 11. Qc3 bxc5 12. bxc5 Bxc5 13. Qxc4 Qe7 14. Bg5 Rc8 15. Nbd2 Nb4 16. Qh4 Bc6 17. a3 Na6 18. e4 e5 19. Nc4 Bb5 20. Ncxe5 Bxf1 21. Bxf1 Nc7 22. Ng4 Bxf2+ 23. Nxf2 Ne6 24. Bb5+ Kf8 25. Bxf6 Qxf6 26. Qxf6 gxf6 27. Rd1 Kg7 28. Nh4 Rhd8 29. Nf5+ Kf8 30. Rxd8+ Rxd8 31. Ng4 Rd1+ 32. Kf2 Ra1 33. Nxf6 Rxa3 34. Nxh7+ Kg8 35. Nf6+ Kh8 36. h4 a5 37. Bc4 Nd8 38. g4 Rc3 39. Bd5 a4 40. g5 Ne6 41. Nd6 Nf4 42. Bxf7 a3 43. Nb5 Nh3+ 44. Ke2 a2 45. Bxa2 Rc2+ 46. Kf3 Rxa2 47. Nd6 Kg7 48. Kg4 Nf2+ 49. Kh5 Ra5 50. Nf5+ Kf7 51. Nd5 Nxe4 52. g6+ Ke6 53. g7 Kf7 1/2-1/2

[Event "Bratislava exe op"]
[Site "Bratislava"]
[Date "2023.09.22"]
[Round "8"]
[White "Compel, Daniel"]
[Black "Schwarz, Dusan"]
[Result "1/2-1/2"]
[WhiteElo "2133"]
[BlackElo "2315"]
[PlyCount "41"]
[EventDate "2023.09.15"]
[EventType "swiss"]
[EventRounds "9"]
[EventCountry "SVK"]
[SourceTitle "EXT 2024"]
[Source "ChessBase"]
[SourceDate "2023.10.10"]
[SourceVersion "1"]
[SourceVersionDate "2023.10.10"]
[SourceQuality "1"]

1. d4 d5 2. c4 c6 3. cxd5 cxd5 4. Nc3 Nf6 5. Bf4 Nc6 6. e3 a6 7. Rc1 Bf5 8. Nf3 Qb6 9. Bd3 Bxd3 10. Qxd3 e6 11. 0-0 Be7 12. Ne5 Nxe5 13. Bxe5 0-0 14. Bxf6 Bxf6 15. Na4 Qb5 16. Qb3 e5 17. Qxb5 axb5 18. Nb6 Rxa2 19. dxe5 Bxe5 20. b4 Rd8 21. Nxd5 1/2-1/2

[Event "Bratislava exe op"]
[Site "Bratislava"]
[Date "2023.09.20"]
[Round "6"]
[White "Compel, Daniel"]
[Black "Babula, Vlastimil"]
[Result "0-1"]
[WhiteElo "2133"]
[BlackElo "2537"]
[PlyCount "44"]
[EventDate "2023.09.15"]
[EventType "swiss"]
[EventRounds "9"]
[EventCountry "SVK"]
[SourceTitle "EXT 2024"]
[Source "ChessBase"]
[SourceDate "2023.10.10"]
[SourceVersion "1"]
[SourceVersionDate "2023.10.10"]
[SourceQuality "1"]

1. d4 Nf6 2. c4 e6 3. g3 c5 4. d5 exd5 5. cxd5 b5 6. Bg2 d6 7. e4 Nbd7 8. Nf3 g6 9. 0-0 Bg7 10. Qe2 0-0 11. Qxb5 Nxe4 12. Re1 Re8 13. Qd3 c4 14. Qxc4 Ndc5 15. Qc2 Ba6 16. Bf1 Qf6 17. Kg2 Bc8 18. Qd1 Bg4 19. Be2 Qf5 20. Na3 Nxf2 21. Kxf2 Bxf3 22. Qc2 Bd4+ 0-1

[Event "Bratislava Rintel Memorial 50th"]
[Site "Bratislava"]
[Date "2023.08.24"]
[Round "7"]
[White "Cohen, Israel"]
[Black "Compel, Daniel"]
[Result "0-1"]
[WhiteElo "1377"]
[BlackElo "2112"]
[PlyCount "148"]
[EventDate "2023.08.21"]
[EventType "swiss"]
[EventRounds "9"]
[EventCountry "SVK"]
[SourceTitle "EXT 2024"]
[Source "ChessBase"]
[SourceDate "2023.10.10"]
[SourceVersion "1"]
[SourceVersionDate "2023.10.10"]
[SourceQuality "1"]

1. d4 Nf6 2. c4 e6 3. Nc3 Bb4 4. Bd2 0-0 5. e3 b6 6. Nf3 Bb7 7. Bd3 d6 8. b3 Nbd7 9. 0-0 e5 10. Bc2 Re8 11. a3 Bxc3 12. Bxc3 Qe7 13. dxe5 dxe5 14. Re1 Rad8 15. Qe2 Ne4 16. Bb2 Ng5 17. Nxg5 Qxg5 18. f3 h5 19. Qf2 e4 20. f4 Qf5 21. Qg3 f6 22. Bd1 Nc5 23. Bd4 Nd3 24. Rf1 c5 25. Bc3 Kf7 26. Qh4 Rh8 27. b4 Bc8 28. b5 Be6 29. Bb3 Rh6 30. h3 Rdh8 31. a4 Rg6 32. Kh2 Rhh6 33. a5 Rg4 34. hxg4 hxg4 35. Qxh6 g3+ 36. Kxg3 Qg4+ 37. Kh2 gxh6 38. axb6 axb6 39. Ra7+ Kg6 40. Ra6 Qh4+ 41. Kg1 Qg3 42. f5+ Bxf5 43. Rxb6 Qxe3+ 44. Kh2 Nf2 45. Rxf6+ Kg5 46. Rxf5+ Kxf5 47. Be1 Qxb3 48. Bxf2 Qxc4 49. Rb1 Qd3 50. Rc1 e3 51. Rxc5+ Kg4 52. Bxe3 Qxe3 53. Rc4+ Kg5 54. Rb4 Qe5+ 55. g3 Qe2+ 56. Kh3 Qf1+ 57. Kh2 Qe2+ 58. Kh3 Qe6+ 59. Kh2 Qe1 60. Rb2 h5 61. b6 h4 62. Rg2 hxg3+ 63. Rxg3+ Kh4 64. Rg2 Qb1 65. Re2 Qxb6 66. Kg2 Kg4 67. Rd2 Qe3 68. Rf2 Qe1 69. Rf8 Qe4+ 70. Kf1 Qc4+ 71. Kg2 Qd5+ 72. Kf1 Qb5+ 73. Ke1 Qb4+ 74. Ke2 Qxf8 0-1

[Event "Bratislava Rintel Memorial 50th"]
[Site "Bratislava"]
[Date "2023.08.24"]
[Round "8"]
[White "Compel, Daniel"]
[Black "Libich, Simon"]
[Result "1-0"]
[WhiteElo "2112"]
[BlackElo "1686"]
[PlyCount "101"]
[EventDate "2023.08.21"]
[EventType "swiss"]
[EventRounds "9"]
[EventCountry "SVK"]
[SourceTitle "EXT 2024"]
[Source "ChessBase"]
[SourceDate "2023.10.10"]
[SourceVersion "1"]
[SourceVersionDate "2023.10.10"]
[SourceQuality "1"]

1. d4 Nf6 2. c4 e6 3. Nf3 d5 4. g3 c6 5. Bg2 b6 6. 0-0 Bb7 7. Nc3 Be7 8. b3 Nbd7 9. Qd3 c5 10. cxd5 exd5 11. Bb2 0-0 12. Rfd1 Rc8 13. Bh3 Rc7 14. Rac1 Ne4 15. Qb1 Nxc3 16. Bxc3 Nf6 17. dxc5 Bxc5 18. Bd4 Re8 19. Qb2 Bxd4 20. Nxd4 Qe7 21. Rxc7 Qxc7 22. Rc1 Qe5 23. e3 Qh5 24. Bg2 Qe5 25. Qc2 Rc8 26. Qxc8+ Bxc8 27. Rxc8+ Ne8 28. Bxd5 h5 29. Bc6 Qa5 30. Rxe8+ Kh7 31. a4 h4 32. gxh4 Qh5 33. Re4 Qg6+ 34. Kh1 Qh5 35. Rf4 Qd1+ 36. Kg2 Qh5 37. Bf3 Qg6+ 38. Rg4 Qf6 39. Nf5 g6 40. Nd4 Qe5 41. Rg5 Qf6 42. Rg4 Qe5 43. Re4 Qf6 44. Rf4 Qe7 45. Bd5 f5 46. Bf3 Qf6 47. h5 Qg5+ 48. Kh1 Qd8 49. hxg6+ Kxg6 50. Rxf5 Qc8 51. Kg2 1-0

[Event "Bratislava Rintel Memorial 50th"]
[Site "Bratislava"]
[Date "2023.08.22"]
[Round "4"]
[White "Compel, Daniel"]
[Black "Andre, Tomas"]
[Result "1-0"]
[WhiteElo "2112"]
[BlackElo "1875"]
[PlyCount "67"]
[EventDate "2023.08.21"]
[EventType "swiss"]
[EventRounds "9"]
[EventCountry "SVK"]
[SourceTitle "EXT 2024"]
[Source "ChessBase"]
[SourceDate "2023.10.10"]
[SourceVersion "1"]
[SourceVersionDate "2023.10.10"]
[SourceQuality "1"]

1. d4 Nf6 2. c4 g6 3. Nc3 Bg7 4. e4 d6 5. Be2 0-0 6. Nf3 Nbd7 7. 0-0 e5 8. Be3 h6 9. h3 Ne8 10. dxe5 dxe5 11. Bc5 Nd6 12. Bxd6 cxd6 13. Qxd6 Qb6 14. Qxb6 Nxb6 15. c5 Nd7 16. b4 f5 17. Bc4+ Kh8 18. Rfe1 a5 19. a3 axb4 20. axb4 Rxa1 21. Rxa1 Nf6 22. Nxe5 Kh7 23. exf5 Bxf5 24. Rc1 Ne4 25. Nxe4 Bxe5 26. Bd5 b6 27. cxb6 Bxe4 28. Bxe4 Bd4 29. Rc7+ Kh8 30. Rc2 Bxb6 31. Bxg6 Rf4 32. b5 Rb4 33. Bd3 Rb3 34. Rc6 1-0

[Event "SVK-ch U20 rapid"]
[Site "Senec"]
[Date "2023.05.07"]
[Round "3"]
[White "Compel, Daniel"]
[Black "Salgovic, Simon"]
[Result "1-0"]
[WhiteElo "2034"]
[BlackElo "1847"]
[PlyCount "67"]
[EventDate "2023.05.07"]
[EventType "rapid"]
[EventRounds "7"]
[EventCountry "SVK"]
[SourceTitle "EXT 2024"]
[Source "ChessBase"]
[SourceDate "2023.10.10"]
[SourceVersion "1"]
[SourceVersionDate "2023.10.10"]
[SourceQuality "1"]

1. d4 Nf6 2. c4 e6 3. Nf3 Bb4+ 4. Nbd2 0-0 5. a3 Bxd2+ 6. Qxd2 d6 7. g3 b6 8. Bg2 Bb7 9. 0-0 Nbd7 10. b4 e5 11. dxe5 dxe5 12. Bb2 Re8 13. Qc3 Qe7 14. Rfd1 Rad8 15. Ne1 Bxg2 16. Nxg2 Ne4 17. Qc2 Ng5 18. Ne3 c6 19. h4 Ne6 20. Nf5 Qf8 21. Nd6 Re7 22. Rd2 Nb8 23. Rad1 Red7 24. Bxe5 f6 25. Qf5 Qe7 26. Bf4 g6 27. Qe4 Nxf4 28. Qxf4 f5 29. c5 b5 30. Re1 Na6 31. e4 Nc7 32. Rde2 fxe4 33. Rxe4 Qg7 34. Ne8 1-0

[Event "SVK-ch U20"]
[Site "Dudince"]
[Date "2023.04.23"]
[Round "9"]
[White "Compel, Daniel"]
[Black "Paluska, Karol"]
[Result "1-0"]
[WhiteElo "2146"]
[BlackElo "1965"]
[PlyCount "73"]
[EventDate "2023.04.16"]
[EventType "tourn"]
[EventRounds "9"]
[EventCountry "SVK"]
[SourceTitle "CBM 213 Extra"]
[Source "ChessBase"]
[SourceDate "2023.05.31"]
[SourceVersion "1"]
[SourceVersionDate "2023.05.31"]
[SourceQuality "1"]

1. e4 c6 2. c4 d5 3. exd5 cxd5 4. cxd5 Qxd5 5. Nc3 Qd8 6. d4 e6 7. Nf3 Nf6 8. Bc4 Be7 9. 0-0 0-0 10. Qe2 Nbd7 11. Bg5 Nb6 12. Bd3 h6 13. Bd2 Bd7 14. Ne5 Rc8 15. Rad1 Bc6 16. Bc1 Bd5 17. Qe3 Bc4 18. Nxc4 Nxc4 19. Qh3 Re8 20. Rfe1 Bf8 21. Qf3 Na5 22. Bf4 Nc6 23. Be5 Be7 24. Bb1 Qb6 25. Re2 Nb4 26. a3 Nbd5 27. Nxd5 Nxd5 28. Qd3 g6 29. Qg3 Kh7 30. h4 f5 31. h5 g5 32. Qf3 Nf4 33. Bxf4 gxf4 34. Qxf4 Qb3 35. Rde1 Bg5 36. Bxf5+ Kg8 37. Qd6 1-0

[Event "SVK-ch U20"]
[Site "Dudince"]
[Date "2023.04.21"]
[Round "7"]
[White "Compel, Daniel"]
[Black "Gyerpal, Adrian"]
[Result "1/2-1/2"]
[WhiteElo "2146"]
[BlackElo "2186"]
[PlyCount "58"]
[EventDate "2023.04.16"]
[EventType "tourn"]
[EventRounds "9"]
[EventCountry "SVK"]
[SourceTitle "CBM 213 Extra"]
[Source "ChessBase"]
[SourceDate "2023.05.31"]
[SourceVersion "1"]
[SourceVersionDate "2023.05.31"]
[SourceQuality "1"]

1. d4 d5 2. c4 e6 3. Nf3 a6 4. cxd5 exd5 5. Nc3 h6 6. Bf4 Nf6 7. e3 Bd6 8. Bxd6 Qxd6 9. Qc2 Nc6 10. a3 0-0 11. h3 Ne7 12. Bd3 g6 13. 0-0 Bf5 14. Rac1 c6 15. Nd2 Rfe8 16. Na4 Bxd3 17. Qxd3 Nf5 18. Nc5 Qe7 19. Qb3 Nd6 20. a4 Qc7 21. Rfe1 Re7 22. Rc2 Rae8 23. Qd3 Qc8 24. Rec1 Kg7 25. Qa3 Qb8 26. Qb4 g5 27. Rc3 h5 28. Rb3 Qc7 29. Qb6 g4 1/2-1/2

[Event "SVK-ch U20"]
[Site "Dudince"]
[Date "2023.04.19"]
[Round "5"]
[White "Compel, Daniel"]
[Black "Stevik, Patrik1111"]
[Result "0-1"]
[WhiteElo "2146"]
[BlackElo "2346"]
[PlyCount "36"]
[EventDate "2023.04.16"]
[EventType "tourn"]
[EventRounds "9"]
[EventCountry "SVK"]
[SourceTitle "CBM 213 Extra"]
[Source "ChessBase"]
[SourceDate "2023.05.31"]
[SourceVersion "1"]
[SourceVersionDate "2023.05.31"]
[SourceQuality "1"]

1. d4 d6 2. c4 e5 3. e3 f5 4. Nc3 Nf6 5. b3 Be7 6. Bb2 0-0 7. Nge2 c6 8. Qd2 Be6 9. f3 Nbd7 10. f4 Qa5 11. a3 Rae8 12. g3 Qb6 13. Qc2 Ng4 14. Nd1 Bf6 15. Bg2 Nxe3 16. Nxe3 exd4 17. Nd1 Nc5 18. b4 d3 0-1

[Event "SVK-ch U20"]
[Site "Dudince"]
[Date "2023.04.18"]
[Round "4"]
[White "Compel, Daniel"]
[Black "Sokolovsky, Jakub"]
[Result "1-0"]
[WhiteElo "2146"]
[BlackElo "1829"]
[PlyCount "61"]
[EventDate "2023.04.16"]
[EventType "tourn"]
[EventRounds "9"]
[EventCountry "SVK"]
[SourceTitle "CBM 213 Extra"]
[Source "ChessBase"]
[SourceDate "2023.05.31"]
[SourceVersion "1"]
[SourceVersionDate "2023.05.31"]
[SourceQuality "1"]

1. d4 d5 2. c4 e6 3. Nc3 Nf6 4. cxd5 exd5 5. Bg5 c6 6. e3 Be7 7. Bd3 0-0 8. Qc2 Nbd7 9. Nge2 Re8 10. 0-0 h6 11. Bh4 Nf8 12. a3 Ne6 13. b4 b6 14. Rfd1 Bb7 15. Bf5 Bf8 16. e4 dxe4 17. Nxe4 g5 18. Nxf6+ Qxf6 19. Bg3 Bg7 20. Be5 Qe7 21. Bxg7 Nxg7 22. Ng3 Rad8 23. Be4 Rd6 24. Qc3 Red8 25. Rd2 Qf6 26. Rad1 Bc8 27. Bc2 Qf4 28. Ne4 Re6 29. g3 Qc7 30. d5 Ree8 31. Nf6+ 1-0

[Event "SVK-ch U20"]
[Site "Dudince"]
[Date "2023.04.17"]
[Round "2"]
[White "Compel, Daniel"]
[Black "Libich, Simon"]
[Result "1-0"]
[WhiteElo "2146"]
[BlackElo "1672"]
[PlyCount "103"]
[EventDate "2023.04.16"]
[EventType "tourn"]
[EventRounds "9"]
[EventCountry "SVK"]
[SourceTitle "CBM 213 Extra"]
[Source "ChessBase"]
[SourceDate "2023.05.31"]
[SourceVersion "1"]
[SourceVersionDate "2023.05.31"]
[SourceQuality "1"]

1. e4 Nf6 2. e5 Nd5 3. d4 d6 4. c4 Nb6 5. f4 Bf5 6. Nc3 dxe5 7. fxe5 Nc6 8. Be3 e6 9. Nf3 Be7 10. Be2 0-0 11. 0-0 f6 12. exf6 Bxf6 13. Qd2 Qe7 14. Kh1 Rad8 15. Rad1 Rd7 16. Qc1 Rfd8 17. Rfe1 Nxd4 18. Bxd4 Bxd4 19. Nd5 Nxd5 20. cxd5 Rxd5 21. Qf4 Qd6 22. Qh4 Qc5 23. Nxd4 Rxd4 24. Qxd8+ Rxd8 25. Rxd8+ Kf7 26. Rd7+ Kf6 27. Red1 Qc2 28. R7d2 Qc5 29. Bf3 c6 30. Rf1 Ke7 31. Rfd1 Kf6 32. Rd7 Qb6 33. g4 Qf2 34. Bg2 Qxb2 35. gxf5 exf5 36. R7d6+ Ke5 37. R6d2 Qb4 38. Rd3 Qc5 39. Rd7 Qc2 40. Re1+ Kf6 41. Rxb7 Qd2 42. Reb1 Qxa2 43. Bxc6 Qc4 44. Bg2 Qd4 45. R7b4 Qc5 46. Ra4 g5 47. Ra6+ Kg7 48. Rb7+ Kh8 49. Rc6 Qf8 50. Rcc7 Qd8 51. Rxh7+ Kg8 52. Rbg7+ 1-0

[Event "SVK-chT U18"]
[Site "Radava"]
[Date "2022.11.23"]
[Round "5.1"]
[White "Compel, Daniel"]
[Black "Turcan, Richard"]
[Result "0-1"]
[WhiteElo "2058"]
[BlackElo "2360"]
[PlyCount "48"]
[EventDate "2022.11.21"]
[EventType "team-swiss"]
[EventRounds "7"]
[EventCountry "SVK"]
[SourceTitle "CBM 211 Extra"]
[Source "ChessBase"]
[SourceDate "2023.01.31"]
[SourceVersion "1"]
[SourceVersionDate "2023.01.31"]
[SourceQuality "1"]
[WhiteTeam "Bratislava Doprastav"]
[BlackTeam "Banska Bystrica Junior"]
[WhiteTeamCountry "SVK"]
[BlackTeamCountry "SVK"]

1. c4 c5 2. Nc3 Nc6 3. g3 g6 4. Bg2 Bg7 5. Nf3 d6 6. 0-0 e5 7. d3 Nge7 8. a3 0-0 9. Rb1 a5 10. Ne1 Be6 11. Nc2 d5 12. cxd5 Nxd5 13. Ne3 Nb6 14. Bxc6 bxc6 15. Na4 Nd7 16. Qc2 Qe7 17. Bd2 f5 18. Rfc1 f4 19. Ng2 c4 20. Ra1 Qf7 21. Be1 cxd3 22. Qxd3 Bd5 23. e4 fxe3 24. Nxe3 Qf3 0-1

[Event "EU-ch U16 30th"]
[Site "Antalya"]
[Date "2022.11.06"]
[Round "1"]
[White "Compel, Daniel"]
[Black "Klimkowski, Jan"]
[Result "0-1"]
[WhiteElo "2058"]
[BlackElo "2441"]
[PlyCount "100"]
[EventDate "2022.11.06"]
[EventType "swiss"]
[EventRounds "9"]
[EventCountry "TUR"]
[SourceTitle "CBM 211 Extra"]
[Source "ChessBase"]
[SourceDate "2023.01.31"]
[SourceVersion "1"]
[SourceVersionDate "2023.01.31"]
[SourceQuality "1"]

1. c4 Nf6 2. d4 e6 3. Nf3 b6 4. g3 Bb4+ 5. Bd2 a5 6. Bg2 Bb7 7. a3 Bxd2+ 8. Nbxd2 0-0 9. 0-0 c5 10. Qc2 Nc6 11. Rfd1 cxd4 12. Nb3 Qc7 13. Nbxd4 Nxd4 14. Nxd4 Bxg2 15. Kxg2 Rfc8 16. Rac1 e5 17. Nf5 Re8 18. Qd2 Re6 19. Qg5 g6 20. Ne7+ Rxe7 21. Qxf6 Re6 22. Qg5 Rae8 23. Qd2 Rd8 24. Qd5 Rc6 25. b4 axb4 26. axb4 Rc8 27. Qxd7 Rxc4 28. Qxc7 R8xc7 29. Rxc4 Rxc4 30. Rd5 Rxb4 31. Rxe5 Kf8 32. h4 Rd4 33. Rb5 Rd6 34. h5 Ke7 35. hxg6 hxg6 36. Kf3 Kd7 37. Ke4 Kc6 38. Rb2 b5 39. Ke5 f6+ 40. Ke4 Kc5 41. f4 b4 42. g4 Rd4+ 43. Ke3 Rc4 44. Rb1 Rd4 45. Rc1+ Rc4 46. Rb1 Kb5 47. g5 f5 48. Kf3 Rc3+ 49. Kf2 b3 50. e4 fxe4 0-1

[Event "SVK-chT1W 2223"]
[Site "Slovakia"]
[Date "2022.10.16"]
[Round "2.4"]
[White "Skreno, Vladimir"]
[Black "Compel, Daniel"]
[Result "1-0"]
[WhiteElo "2064"]
[BlackElo "2058"]
[PlyCount "47"]
[EventDate "2022.10.15"]
[EventType "team-tourn"]
[EventRounds "11"]
[EventCountry "SVK"]
[SourceTitle "EXT 2024"]
[Source "ChessBase"]
[SourceDate "2023.10.10"]
[SourceVersion "1"]
[SourceVersionDate "2023.10.10"]
[SourceQuality "1"]
[WhiteTeam "Nitra NSK"]
[BlackTeam "Bratislava Doprastav"]
[WhiteTeamCountry "SVK"]
[BlackTeamCountry "SVK"]

1. d4 Nf6 2. Nf3 c5 3. c3 e6 4. Bg5 d5 5. e3 Nc6 6. Nbd2 Be7 7. Be2 Qb6 8. Qb3 0-0 9. 0-0 Re8 10. Rad1 Bd7 11. dxc5 Qxc5 12. Bxf6 Bxf6 13. Qxb7 Qd6 14. Ne4 Qe7 15. Nxf6+ gxf6 16. Rd2 Rab8 17. Qc7 Rec8 18. Qg3+ Kh8 19. Qh4 Rg8 20. c4 dxc4 21. Rfd1 Bc8 22. Bxc4 Rg6 23. Bd3 Rg7 24. Be4 1-0

[Event "SVK-chT2A 2223"]
[Site "Slovakia"]
[Date "2022.10.09"]
[Round "2.3"]
[White "Compel, Daniel"]
[Black "Nicolini, Alexander"]
[Result "0-1"]
[WhiteElo "2111"]
[BlackElo "2135"]
[PlyCount "82"]
[EventDate "2022.10.08"]
[EventType "team-tourn"]
[EventRounds "11"]
[EventCountry "SVK"]
[SourceTitle "CBM 210 Extra"]
[Source "ChessBase"]
[SourceDate "2022.11.30"]
[SourceVersion "1"]
[SourceVersionDate "2022.11.30"]
[SourceQuality "1"]
[WhiteTeam "Bratislava Doprastav II"]
[BlackTeam "Trnava Lokomotiva"]
[WhiteTeamCountry "SVK"]
[BlackTeamCountry "SVK"]

1. d4 f5 2. c4 Nf6 3. Nc3 g6 4. h4 Bg7 5. h5 d6 6. h6 Bf8 7. Bg5 c6 8. Qc2 Qa5 9. a3 Na6 10. Bd2 Qc7 11. Bg5 Qa5 12. Qd2 Bd7 13. Nf3 Ng4 14. Nh2 Nxh2 15. Rxh2 0-0-0 16. e3 Re8 17. 0-0-0 e6 18. Bf6 Rg8 19. Ne4 Qxd2+ 20. Nxd2 Be7 21. Bg7 Bf8 22. Bxf8 Rexf8 23. c5 Nc7 24. cxd6 Ne8 25. Nc4 b5 26. Ne5 Nxd6 27. Bd3 Be8 28. Kd2 Nf7 29. Nf3 g5 30. g3 Kc7 31. a4 Kd6 32. axb5 cxb5 33. Ra1 Bc6 34. Ne5 Nxe5 35. dxe5+ Kxe5 36. Rxa7 Rd8 37. f4+ Kf6 38. Ke2 g4 39. Bc2 Bf3+ 40. Ke1 Ra8 41. Rxh7 Rgd8 0-1

[Event "Piestany Slovakia op-A"]
[Site "Piestany"]
[Date "2022.07.18"]
[Round "9"]
[White "Balint, Peter1111"]
[Black "Compel, Daniel"]
[Result "0-1"]
[WhiteElo "2051"]
[BlackElo "2098"]
[PlyCount "90"]
[EventDate "2022.07.11"]
[EventType "swiss"]
[EventRounds "9"]
[EventCountry "SVK"]
[SourceTitle "CBM 209 Extra"]
[Source "ChessBase"]
[SourceDate "2022.09.30"]
[SourceVersion "1"]
[SourceVersionDate "2022.09.30"]
[SourceQuality "1"]

1. e4 c5 2. Nf3 d6 3. d4 cxd4 4. Nxd4 Nf6 5. Nc3 a6 6. Qd3 Nbd7 7. Be2 e6 8. a4 b6 9. Qg3 Bb7 10. 0-0 Be7 11. Be3 0-0 12. f3 Rc8 13. Nb3 Qc7 14. Rfd1 Rfe8 15. Bd4 Ne5 16. Nd2 Red8 17. Rac1 Nc6 18. Be3 Nd7 19. Nc4 Nce5 20. Bh6 g6 21. Ne3 Bf6 22. Bg5 Qc5 23. Kf2 Kg7 24. h4 h6 25. Bxf6+ Nxf6 26. f4 Ned7 27. Bf3 Ba8 28. Re1 b5 29. axb5 axb5 30. Kg1 b4 31. Na4 Qb5 32. b3 Nxe4 33. Bxe4 Bxe4 34. Nc4 Nf6 35. Nab2 d5 36. Ne3 Rc3 37. Nbd1 Rc5 38. Nf2 Rdc8 39. f5 exf5 40. Qe5 Re8 41. Qd4 Rc3 42. Ned1 Qc5 43. Qd2 Rg3 44. Kh1 Rxg2 45. Rxe4 Nxe4 0-1

[Event "Piestany Slovakia op-A"]
[Site "Piestany"]
[Date "2022.07.12"]
[Round "2"]
[White "Neugebauer, Martin"]
[Black "Compel, Daniel"]
[Result "1-0"]
[WhiteElo "2528"]
[BlackElo "2098"]
[PlyCount "71"]
[EventDate "2022.07.11"]
[EventType "swiss"]
[EventRounds "9"]
[EventCountry "SVK"]
[SourceTitle "CBM 209 Extra"]
[Source "ChessBase"]
[SourceDate "2022.09.30"]
[SourceVersion "1"]
[SourceVersionDate "2022.09.30"]
[SourceQuality "1"]

1. e4 c5 2. Nc3 a6 3. Nge2 d6 4. g3 g6 5. Bg2 Bg7 6. d4 cxd4 7. Nxd4 Nf6 8. 0-0 0-0 9. h3 Bd7 10. Nde2 Nc6 11. a4 Rc8 12. Be3 Qc7 13. Nd5 Nxd5 14. exd5 Na5 15. c3 Nc4 16. Bc1 b5 17. axb5 axb5 18. b3 Nb6 19. Be3 Ra8 20. Rc1 Ra3 21. Nd4 Rc8 22. Re1 Bf6 23. Qd2 Re8 24. h4 h5 25. Bg5 Be5 26. Qd3 Qc5 27. Ne6 Bxe6 28. dxe6 f5 29. Be3 Qc7 30. Qxb5 Rb8 31. Ra1 Qa7 32. Rxa3 Qxa3 33. Bxb6 Bxc3 34. Rd1 Ba5 35. Qxa5 Qxb3 36. Rxd6 1-0

[Event "Pula op 34th"]
[Site "Pula"]
[Date "2022.06.22"]
[Round "6"]
[White "Cupic, Lovro"]
[Black "Compel, Daniel"]
[Result "1-0"]
[WhiteElo "2295"]
[BlackElo "2138"]
[PlyCount "117"]
[EventDate "2022.06.18"]
[EventType "swiss"]
[EventRounds "9"]
[EventCountry "CRO"]
[SourceTitle "CBM 209 Extra"]
[Source "ChessBase"]
[SourceDate "2022.09.30"]
[SourceVersion "1"]
[SourceVersionDate "2022.09.30"]
[SourceQuality "1"]

1. e4 c5 2. Nf3 d6 3. Nc3 Nf6 4. e5 dxe5 5. Nxe5 a6 6. g3 Qd6 7. f4 Nc6 8. Nc4 Qc7 9. Ne3 e6 10. Bg2 Be7 11. b3 b6 12. Bb2 Bb7 13. Qf3 Na5 14. Qe2 Bxg2 15. Qxg2 Qc6 16. 0-0 Qxg2+ 17. Kxg2 0-0-0 18. d3 Rhe8 19. Nc4 Nxc4 20. bxc4 g6 21. Rab1 Kc7 22. h3 Kc6 23. a4 a5 24. Ne2 Ng8 25. Ng1 Bf6 26. Be5 Rf8 27. Nf3 h6 28. g4 Bxe5 29. fxe5 Ne7 30. Kg3 g5 31. h4 gxh4+ 32. Nxh4 Ng6 33. Nxg6 fxg6 34. Rf6 Rxf6 35. exf6 Rf8 36. g5 hxg5 37. Rf1 Kd7 38. Kg4 Ke8 39. Kxg5 Rh8 40. f7+ Kf8 41. Kxg6 Rh2 42. Kf6 Rxc2 43. Kxe6 Rd2 44. Rf3 Rd1 45. Kd5 Ra1 46. Kc6 Rb1 47. Kb7 Rb4 48. Rf6 Rb3 49. Ka6 Rb4 50. Rxb6 Rxa4 51. Kb5 Ra3 52. Rd6 Kxf7 53. Kxc5 Rb3 54. d4 a4 55. Ra6 a3 56. Kd6 Rb4 57. Kd5 Rb3 58. c5 Ke8 59. Kc6 1-0